Statistics for Veterinary Directional Terms

Click here to take the quiz!

General Stats

  • This quiz has been taken 411 times
  • The average score is 10 of 11

Answer Stats

HintAnswer% Correct
Towards the back/upper sidedorsal
97%
Towards the tailcaudal
94%
Towards the headcranial
91%
Towards the underside/bellyventral
91%
Towards the noserostral
88%
Closer to a partproximal
86%
Farther from a partdistal
85%
Towards the midlinemedial
85%
Away from the midline / towards the sidelateral
84%
Towards the bottom of the back pawsplantar
79%
Towards the bottom of the front pawspalmar
77%

Score Distribution

Percentile by Number Answered

Percent of People with Each Score

Your Score History

You have not taken this quiz